000 00264nam a2200109Ia 4500
008 231212s1984 xx 000 0 und d
041 _aeng
082 _a491.43
100 _aKazinik M.L.
245 _aFundamental Of Television
260 _aNew Delhi
_bPeopel
_c1984
999 _c958600
_d958600